|
|
|
|
| LEADER |
01181nam a2200265 4500 |
| 001 |
37018 |
| 003 |
BD-DhAAL |
| 005 |
20200216130708.0 |
| 008 |
130220t2020 bg ||||| |||| 00| 0beng d |
| 999 |
|
|
|c 42202
|d 42202
|
| 020 |
|
|
|a 9789845062831
|
| 040 |
|
|
|a BD-DhAAL
|
| 082 |
|
|
|a 610.92
|2 21
|
| 100 |
|
|
|a Sobhan, Ajmal
|9 39268
|
| 245 |
|
|
|a Journey of silence :
|b memoirs of a surgeon /
|c Ajmal Sobhan
|
| 260 |
|
|
|a Dhaka :
|b The University Press Limited (UPL),
|c c2020
|
| 300 |
|
|
|a 211 pages :
|b illustrations ;
|c 21 cm.
|
| 526 |
|
|
|a AAL
|
| 541 |
|
|
|a The University Press Limited (UPL)
|e 37018, 37019
|
| 600 |
|
|
|a Sobhan, Ajmal
|9 39269
|
| 650 |
|
|
|a Physicians
|x Biography.
|9 39270
|
| 852 |
|
|
|a Ayesha Abed Library
|c General Stacks
|
| 942 |
|
|
|2 ddc
|c BK
|
| 952 |
|
|
|0 0
|1 0
|2 ddc
|4 0
|6 610_920000000000000_SOB
|7 0
|9 67895
|a BRACUL
|b BRACUL
|c GEN
|d 2020-02-10
|e The University Press Limited (UPL)
|g 412.50
|l 6
|m 1
|o 610.92 SOB
|p 3010037018
|r 2025-02-23
|s 2025-02-11
|t 1
|v 550.00
|w 2020-02-10
|y BK
|
| 952 |
|
|
|0 0
|1 0
|2 ddc
|4 0
|6 610_920000000000000_SOB
|7 0
|9 67896
|a BRACUL
|b BRACUL
|c GEN
|d 2020-02-10
|e The University Press Limited (UPL)
|g 412.50
|l 2
|m 4
|o 610.92 SOB
|p 3010037019
|r 2024-01-23
|s 2024-01-22
|t 2
|v 550.00
|w 2020-02-10
|y BK
|